000 00524nam a2200181Ia 4500
001 20186
005 20260306172747.0
008 260306t2002||||xx |||||||||||||| ||spa||
041 _aESP
082 _a342.85
_bC76P
100 _aComisión de Constitución,Reglamento y Acusaciones Constitucionales del Congreso de la República
_eAUT
245 0 _aProyecto de ley de reforma de la constitución
260 _c2002
300 _a174 páginas :
_c23 cm.
650 _aGEN
654 _aCDE
942 _cLIB
_dJUS
_fJUS
_2ddc
_n
999 _c20186
_d20186